Normal view
MARC view
Entry Topical Term
001 - CONTROL NUMBER
- control field: 7931
003 - CONTROL NUMBER IDENTIFIER
- control field: ARRUPE
005 - DATE AND TIME OF LATEST TRANSACTION
- control field: 20140205102924.0
008 - FIXED-LENGTH DATA ELEMENTS
- fixed length control field: 140205|| aca||aabn | a|a d
040 ## - CATALOGING SOURCE
- Original cataloging agency: ARRUPE
- Transcribing agency: ARRUPE
150 ## - HEADING--TOPICAL TERM
- Topical term or geographic name as entry element: Religion and sociology.
670 ## - SOURCE DATA FOUND
- Source citation: Work cat.: (ARRUPE)0: Bryant, M. Darrol. 7929, The Many faces of religion and society /, c1985.